Culture Générale - Série 1676 - Statistiques

Statistiques générales
  • Ce quiz a été pris 92 fois
  • Le résultat moyen est 5 sur 10
Statistiques - réponses
Question Réponse % Correct
Le vaccin ROR immunise contre la rougeole, les oreillons et la ... rubéole
84%
Quel mot italien désigne la personne qui organise, moyennant rémunération, la vie professionnelle d'un artiste ? imprésario
65%
À la fin des années 70, quel acteur a fait un tube en interprétant en duo avec Olivia Newton-John le titre : "Summer Nights" ? John Travolta
63%
Dans quel pays européen se trouve la ville d'Estoril, célèbre pour son circuit automobile ? Portugal
61%
Quelle pièce cylindrique d'un moteur à explosion désigne, familièrement, l'appui dont une personne peut bénéficier pour obtenir un avantage ? piston
60%
Dans quel pays européen soeur Emmanuelle est-elle née ? Belgique
51%
En 1972, dans le "Parrain" de Coppola, quel comédien incarne le patriarche Don Vito Corleone ? Marlon Brando
49%
Quel objet, en forme de soucoupe, tient son nom d'une marque de moules à tartes, que des étudiants américains s'amusèrent à faire voler ? frisbee
43%
Quelle est la plus grande ville et le principal port du Bénin ? Cotonou
34%
Sous quel pseudonyme l'écrivaine Frédérique Audoin-Rouzeau signe-t-elle ses romans policiers ? Fred Vargas
32%
Aucun quiz correspondant
Distribution des résultats
% des personnes avec chaque résultat
Percentile par nombre de réponses
Votre historique - résultats
Vous n’avez pas pris ce quiz